LIBRARY ONLINE CATALOGUE

The Audit process : (Record no. 19859)

MARC details
000 -LEADER
fixed length control field 00703nam a22002532 4500
001 - CONTROL NUMBER
control field 0000002390
003 - CONTROL NUMBER IDENTIFIER
control field OSt
005 - DATE AND TIME OF LATEST TRANSACTION
control field 20230123161955.0
008 - FIXED-LENGTH DATA ELEMENTS--GENERAL INFORMATION
fixed length control field 070410s xx 000 0 eng d
020 ## - INTERNATIONAL STANDARD BOOK NUMBER
International Standard Book Number 1844806782
040 ## - CATALOGING SOURCE
Original cataloging agency KABU
Transcribing agency KABU
050 #0 - LIBRARY OF CONGRESS CALL NUMBER
Classification number HF5667
Item number .G73 2015
100 1# - MAIN ENTRY--PERSONAL NAME
Personal name Gray, Iain.
245 14 - TITLE STATEMENT
Title The Audit process :
Remainder of title principles, practice and cases /
Statement of responsibility, etc. Iain Gray, Stuart Manson, & Crawford, Louise
250 ## - EDITION STATEMENT
Edition statement 6th ed.
260 ## - PUBLICATION, DISTRIBUTION, ETC. (IMPRINT)
Place of publication, distribution, etc. London :
Name of publisher, distributor, etc. Thomson,
Date of publication, distribution, etc. 2015.
300 ## - PHYSICAL DESCRIPTION
Extent xxiii, 920p.
650 #0 - SUBJECT ADDED ENTRY--TOPICAL TERM
Topical term or geographic name as entry element Auditing.
700 1# - ADDED ENTRY--PERSONAL NAME
Personal name Manson, Stuart.
700 1# - ADDED ENTRY--PERSONAL NAME
Personal name Crawford, Louise
908 ## - PUT COMMAND PARAMETER (RLIN)
Put command parameter 070410
942 ## - ADDED ENTRY ELEMENTS (KOHA)
Source of classification or shelving scheme Library of Congress Classification
Koha item type General Collection
Holdings
Withdrawn status Lost status Source of classification or shelving scheme Not for loan Home library Current library Date acquired Cost, normal purchase price Total Checkouts Full call number Barcode Date last seen Price effective from Koha item type
    Library of Congress Classification   Kabarak, Main Campus Kabarak, Main Campus 23/01/2023 2199.00   HF5667 .G73 2015 c.1 031571 23/01/2023 23/01/2023 General Collection